La nación Latin Kings, desafíos para repensar lo nacional /

Uloženo v:
Podrobná bibliografie
Hlavní autor: Cerbino, Mauro
Další autoři: Rodríguez, Ana
Médium: Text
Tagy: Přidat tag
Žádné tagy, Buďte první, kdo vytvoří štítek k tomuto záznamu!

MARC

LEADER 00000 a a2200000 04500
001 45799
003
040 |a CRAI/IIS  |c CRAI/IIS 
100 |a Cerbino, Mauro  
245 |a La nación Latin Kings, desafíos para repensar lo nacional /  |c Mauro Cerbino, Ana Rodríguez  
700 |a Rodríguez, Ana  
773 |g número32 (2010), páginas 117-133  
999 |c 18485  |d 18485